000 00811nam a22002653u 4500
001 DHIM2026022509380029
003 RU-10907106
005 20260323082654.0
007 tu
008 260225s2016 gau ||| ||| 000 0 geo d
020 _9978-9941-9470-0-1
_a9789941947001
040 _aRU-10907106
_bger
_cRU-10907106
041 _ageo
100 1 _4aut
_aŠengelia, Kaxa
_968675
245 0 _aSak̕art̕velos istoria
_bUżvelesi droidan č̕t̕anamedroveobis at̕vlit̕
264 1 _aTbilisi
_bKavkasiis universitetis gamomc'emloba
_c2016
300 _a332 Seiten
336 _2rdacontent
_aText
_btxt
337 _2rdamedia
_aOhne Hilfsmittel zu benutzen
_bn
338 _2rdacarrier
_aBand
_bnc
650 _aGeschichte
650 _aGesamtdarstellung
_968676
651 _aGeorgien
942 _2z
_cMG
999 _c73831
_d73831